| 000 | 01239cam a2200337 i 4500 | ||
|---|---|---|---|
| 999 |
_c8860 _d8860 |
||
| 001 | 18988057 | ||
| 003 | GBCCL | ||
| 005 | 20241126110700.0 | ||
| 008 | 160224s2016 tnu b 001 0 eng | ||
| 010 | _a 2016009061 | ||
| 020 | _a9781501804908 (pbk. : alk. paper) | ||
| 040 |
_aDLC _beng _cDLC _erda _dDLC |
||
| 042 | _apcc | ||
| 050 | 0 | 0 |
_aBV4011.3 _b.W55 2016 |
| 082 | 0 | 0 |
_a253 _223 _bWIL |
| 100 | 1 |
_aWillimon, William H., _eauthor. _915565 |
|
| 245 | 1 | 0 |
_aPastor : _bthe theology and practice of ordained ministry / _cWilliam H. Willimon. |
| 250 | _aRevised Edition. | ||
| 264 | 1 |
_aNashville : _bAbingdon Press, _c[2016] |
|
| 300 |
_a399 pages ; _c23 cm |
||
| 336 |
_atext _2rdacontent |
||
| 337 |
_aunmediated _2rdamedia |
||
| 338 |
_avolume _2rdacarrier |
||
| 504 | _aIncludes bibliographical references and indexes. | ||
| 650 | 0 |
_aPastoral theology. _9414 |
|
| 650 | 0 |
_aClergy _xOffice. _9299 |
|
| 776 | 0 | 8 |
_iOnline version: _aWillimon, William H., author. _tPastor _bRevised Edition. _dNashville : Abingdon Press, 2016 _z9781501804915 _w(DLC) 2016009415 |
| 906 |
_a7 _bcbc _corignew _d1 _eecip _f20 _gy-gencatlg |
||
| 942 |
_2ddc _cBK _02 |
||